[Event "1SM"]
[Site "Sharjah Chess Club"]
[Date "2017.03.25"]
[Round "3.24"]
[White "Salem, A.R. Saleh"]
[Black "Praggnanandhaa, R"]
[Result "1/2-1/2"]
[BlackElo "2455"]
[WhiteElo "2652"]
[LiveChessVersion "1.4.8"]

1. Nf3 {[%clk 1:38:32]} Nf6 {[%clk 1:40:28]} 2. c4 {[%clk 1:38:54]} e6
{[%clk 1:40:51]} 3. d4 {[%clk 1:39:09]} d5 {[%clk 1:41:06]} 4. Nc3
{[%clk 1:39:27]} Be7 {[%clk 1:41:18]} 5. Bg5 {[%clk 1:39:49]} h6 {[%clk 1:41:12]}
6. Bh4 {[%clk 1:40:12]} O-O {[%clk 1:41:21]} 7. e3 {[%clk 1:40:37]} b6
{[%clk 1:41:39]} 8. Be2 {[%clk 1:40:51]} Bb7 {[%clk 1:37:09]} 9. Bxf6
{[%clk 1:41:12]} Bxf6 {[%clk 1:37:30]} 10. cxd5 {[%clk 1:41:38]} exd5
{[%clk 1:37:47]} 11. b4 {[%clk 1:42:04]} c6 {[%clk 1:36:04]} 12. O-O
{[%clk 1:42:23]} Qd6 {[%clk 1:34:07]} 13. Qb3 {[%clk 1:41:52]} Nd7
{[%clk 1:33:03]} 14. Rfd1 {[%clk 1:41:29]} a5 {[%clk 1:26:04]} 15. b5
{[%clk 1:41:38]} c5 {[%clk 1:24:58]} 16. Rac1 {[%clk 1:41:32]} Rfd8
{[%clk 1:15:35]} 17. Qb1 {[%clk 1:31:01]} Rac8 {[%clk 1:09:15]} 18. h3
{[%clk 1:16:39]} Qe7 {[%clk 0:56:25]} 19. dxc5 {[%clk 1:08:15]} Nxc5
{[%clk 0:55:01]} 20. Bf1 {[%clk 1:00:12]} Rc7 {[%clk 0:45:26]} 21. Ne2
{[%clk 0:50:31]} Rdc8 {[%clk 0:40:15]} 22. Nfd4 {[%clk 0:48:44]} Qe4
{[%clk 0:24:43]} 23. g3 {[%clk 0:46:21]} Qe5 {[%clk 0:21:16]} 24. Bg2
{[%clk 0:38:40]} Ne4 {[%clk 0:20:12]} 25. Rxc7 {[%clk 0:35:27]} Rxc7
{[%clk 0:20:15]} 26. Qd3 {[%clk 0:30:52]} g6 {[%clk 0:16:08]} 27. Nf4
{[%clk 0:27:18]} Rc3 {[%clk 0:14:35]} 28. Qe2 {[%clk 0:27:42]} Rc7
{[%clk 0:14:24]} 29. Qd3 {[%clk 0:24:34]} Rc3 {[%clk 0:14:37]} 30. Qf1
{[%clk 0:24:41]} Rc7 {[%clk 0:08:22]} 31. Nc6 {[%clk 0:15:03]} Bxc6
{[%clk 0:08:32]} 32. bxc6 {[%clk 0:15:31]} Nc3 {[%clk 0:08:33]} 33. Nxd5
{[%clk 0:10:35]} Rxc6 {[%clk 0:07:23]} 34. Nxf6+ {[%clk 0:06:58]} Rxf6
{[%clk 0:07:05]} 35. Rd8+ {[%clk 0:05:39]} Kg7 {[%clk 0:07:19]} 36. a3
{[%clk 0:03:45]} b5 {[%clk 0:04:03]} 37. Qd3 {[%clk 0:02:01]} b4 {[%clk 0:03:21]}
38. axb4 {[%clk 0:02:31]} axb4 {[%clk 0:03:50]} 39. Rd7 {[%clk 0:02:32]} Qf5
{[%clk 0:02:45]} 40. Qxf5 {[%clk 0:01:46]} Rxf5 {[%clk 0:03:12]} 41. Bf1
{[%clk 0:01:23]} b3 {[%clk 0:01:11]} 42. Rb7 {[%clk 0:01:52]} Ne4
{[%clk 0:00:55]} 43. Rxb3 {[%clk 0:00:44]} Nxf2 {[%clk 0:01:00]} 44. g4
{[%clk 0:00:35]} Rf6 {[%clk 0:01:13]} 45. Bg2 {[%clk 0:01:00]} Nd1
{[%clk 0:01:10]} 46. Bd5 {[%clk 0:01:11]} Rf2 {[%clk 0:00:38]} 47. Rd3
{[%clk 0:00:47]} Nb2 {[%clk 0:00:54]} 48. Rd4 {[%clk 0:00:41]} Rc2
{[%clk 0:00:49]} 49. Kf1 {[%clk 0:00:56]} Kf6 {[%clk 0:00:40]} 50. Rf4+
{[%clk 0:00:50]} Ke5 {[%clk 0:01:02]} 51. Bb3 {[%clk 0:00:44]} Rh2
{[%clk 0:00:41]} 52. Rxf7 {[%clk 0:00:32]} Nd3 {[%clk 0:00:40]} 53. Bc4
{[%clk 0:00:48]} Nc5 {[%clk 0:00:45]} 54. Rc7 {[%clk 0:01:00]} Kd6
{[%clk 0:00:41]} 55. Rg7 {[%clk 0:01:22]} Rxh3 {[%clk 0:00:43]} 56. Rxg6+
{[%clk 0:01:50]} Ke7 {[%clk 0:00:39]} 57. Rc6 {[%clk 0:02:02]} Nd7
{[%clk 0:00:58]} 58. Re6+ {[%clk 0:01:58]} Kf8 {[%clk 0:01:14]} 59. Kg2
{[%clk 0:02:23]} Rh4 {[%clk 0:01:40]} 60. Kg3 {[%clk 0:00:49]} Rh1
{[%clk 0:02:03]} 61. Bd5 {[%clk 0:00:54]} Re1 {[%clk 0:00:47]} 62. Kf2
{[%clk 0:00:47]} Rd1 {[%clk 0:00:53]} 63. Bf3 {[%clk 0:01:04]} Rd2+
{[%clk 0:01:07]} 64. Kg3 {[%clk 0:00:34]} Kg7 {[%clk 0:01:30]} 65. Kf4
{[%clk 0:00:40]} Nf8 {[%clk 0:01:44]} 66. Ra6 {[%clk 0:00:53]} Ng6+
{[%clk 0:02:06]} 67. Kg3 {[%clk 0:01:06]} Ne5 {[%clk 0:01:27]} 68. Be4
{[%clk 0:01:35]} Nc4 {[%clk 0:01:12]} 69. Rg6+ {[%clk 0:01:27]} Kf7
{[%clk 0:01:35]} 70. Rxh6 {[%clk 0:01:55]} Nxe3 {[%clk 0:01:49]} 71. Kf4
{[%clk 0:01:55]} Nd5+ {[%clk 0:01:24]} 72. Ke5 {[%clk 0:01:48]} Ne3
{[%clk 0:01:47]} 73. Kf4 {[%clk 0:01:54]} Nd5+ {[%clk 0:02:12]} 74. Kg5
{[%clk 0:02:01]} Rd4 {[%clk 0:01:45]} 75. Bf5 {[%clk 0:01:43]} Ne3
{[%clk 0:01:52]} 76. Rf6+ {[%clk 0:02:12]} Kg7 {[%clk 0:01:37]} 77. Be6
{[%clk 0:02:41]} Re4 {[%clk 0:01:33]} 78. Rf7+ {[%clk 0:02:35]} Kg8
{[%clk 0:01:56]} 79. Rf6+ {[%clk 0:02:46]} Kg7 {[%clk 0:02:24]} 80. Rg6+
{[%clk 0:03:04]} Kh7 {[%clk 0:02:47]} 81. Kh5 {[%clk 0:02:26]} Re5+
{[%clk 0:01:13]} 82. g5 {[%clk 0:02:55]} Ng2 {[%clk 0:01:19]} 83. Rh6+
{[%clk 0:03:24]} Kg7 {[%clk 0:01:20]} 84. Kg4 {[%clk 0:03:53]} Ra5
{[%clk 0:00:41]} 85. Rf6 {[%clk 0:01:35]} Ra4+ {[%clk 0:00:40]} 86. Kg3
{[%clk 0:01:35]} Ne3 {[%clk 0:00:40]} 87. Kf3 {[%clk 0:00:47]} Nc2
{[%clk 0:00:39]} 88. Bd5 {[%clk 0:00:45]} Nd4+ {[%clk 0:00:42]} 89. Kf4
{[%clk 0:00:37]} Ne6+ {[%clk 0:00:56]} 90. Kf5 {[%clk 0:00:55]} Nd4+
{[%clk 0:01:21]} 91. Ke5 {[%clk 0:01:21]} Ne2 {[%clk 0:01:13]} 92. Rc6
{[%clk 0:00:42]} Rg4 {[%clk 0:00:47]} 93. Rc7+ {[%clk 0:00:47]} Kg6
{[%clk 0:01:13]} 94. Be4+ {[%clk 0:01:03]} Kxg5 {[%clk 0:01:15]} 95. Bf3
{[%clk 0:00:53]} Rg3 {[%clk 0:01:35]} 96. Rf7 {[%clk 0:00:34]} Kg6
{[%clk 0:01:15]} 97. Rf6+ {[%clk 0:00:41]} Kg7 {[%clk 0:01:32]} 98. Rf5
{[%clk 0:00:51]} Kg6 {[%clk 0:01:12]} 99. Bh5+ {[%clk 0:00:50]} Kh6
{[%clk 0:01:07]} 100. Bxe2 {[%clk 0:01:02]} Re3+ {[%clk 0:01:35]} 101. Kf6
{[%clk 0:01:26]} Rxe2 {[%clk 0:01:59]} 102. Ke5 1/2-1/2

[Event "1SM"]
[Site "Sharjah Chess Club"]
[Date "2017.03.25"]
[Round "3.25"]
[White "Bluebaum, Matthias"]
[Black "Abdumalik, Zhansaya"]
[Result "1-0"]
[BlackElo "2430"]
[WhiteElo "2632"]
[LiveChessVersion "1.4.8"]

1. d4 {[%clk 1:40:57]} Nf6 {[%clk 1:40:50]} 2. c4 {[%clk 1:41:21]} g6
{[%clk 1:41:14]} 3. g3 {[%clk 1:41:39]} Bg7 {[%clk 1:40:19]} 4. Bg2
{[%clk 1:42:01]} O-O {[%clk 1:38:32]} 5. Nc3 {[%clk 1:41:33]} c5 {[%clk 1:38:52]}
6. d5 {[%clk 1:41:09]} e6 {[%clk 1:36:56]} 7. Nf3 {[%clk 1:40:27]} exd5
{[%clk 1:35:00]} 8. cxd5 {[%clk 1:40:33]} d6 {[%clk 1:32:02]} 9. O-O
{[%clk 1:40:45]} Re8 {[%clk 1:31:43]} 10. Bf4 {[%clk 1:40:34]} Na6
{[%clk 1:28:42]} 11. Re1 {[%clk 1:38:51]} h6 {[%clk 1:21:35]} 12. e4
{[%clk 1:11:17]} g5 {[%clk 1:12:19]} 13. Bd2 {[%clk 1:04:48]} Nb4
{[%clk 1:06:17]} 14. e5 {[%clk 0:34:54]} dxe5 {[%clk 1:00:48]} 15. Nxe5
{[%clk 0:33:20]} Bf5 {[%clk 0:56:04]} 16. Rc1 {[%clk 0:29:21]} Nd7
{[%clk 0:51:47]} 17. Nxd7 {[%clk 0:25:11]} Qxd7 {[%clk 0:48:04]} 18. Ne4
{[%clk 0:21:20]} b6 {[%clk 0:36:38]} 19. Bxb4 {[%clk 0:19:55]} cxb4
{[%clk 0:35:56]} 20. Qd2 {[%clk 0:20:21]} a5 {[%clk 0:30:02]} 21. Rc6
{[%clk 0:20:08]} Bxe4 {[%clk 0:27:29]} 22. Rxe4 {[%clk 0:19:48]} Rxe4
{[%clk 0:26:19]} 23. Bxe4 {[%clk 0:20:14]} Re8 {[%clk 0:23:49]} 24. Qd3
{[%clk 0:17:36]} Qd8 {[%clk 0:17:59]} 25. d6 {[%clk 0:15:20]} Bf6
{[%clk 0:14:02]} 26. d7 {[%clk 0:14:33]} Rf8 {[%clk 0:14:24]} 27. Qd6
{[%clk 0:12:29]} Kg7 {[%clk 0:13:46]} 28. Rc8 {[%clk 0:12:17]} Qe7
{[%clk 0:13:15]} 29. Qxe7 {[%clk 0:12:16]} Bxe7 {[%clk 0:13:44]} 30. Re8
{[%clk 0:12:39]} Bd8 {[%clk 0:12:43]} 31. g4 {[%clk 0:12:43]} f6 {[%clk 0:10:57]}
32. b3 {[%clk 0:12:56]} b5 {[%clk 0:10:57]} 33. Bf5 {[%clk 0:12:50]} a4
{[%clk 0:10:57]} 34. Kg2 {[%clk 0:12:38]} 1-0

[Event "1SM"]
[Site "Sharjah Chess Club"]
[Date "2017.03.25"]
[Round "3.26"]
[White "Roy, Prantik"]
[Black "Lalith, Babu M R"]
[Result "1/2-1/2"]
[BlackElo "2593"]
[WhiteElo "2372"]
[LiveChessVersion "1.4.8"]

1. d4 {[%clk 1:40:55]} Nf6 {[%clk 1:40:51]} 2. c4 {[%clk 1:41:17]} e6
{[%clk 1:41:15]} 3. g3 {[%clk 1:41:36]} d5 {[%clk 1:40:52]} 4. Bg2
{[%clk 1:41:47]} dxc4 {[%clk 1:40:44]} 5. Qa4+ {[%clk 1:39:56]} Bd7
{[%clk 1:23:00]} 6. Qxc4 {[%clk 1:40:04]} Bc6 {[%clk 1:23:27]} 7. Nf3
{[%clk 1:38:52]} Be7 {[%clk 1:23:35]} 8. O-O {[%clk 1:37:58]} O-O
{[%clk 1:21:07]} 9. Nc3 {[%clk 1:35:06]} a6 {[%clk 1:19:40]} 10. Bg5
{[%clk 1:34:25]} b5 {[%clk 1:16:00]} 11. Qd3 {[%clk 1:33:42]} Nbd7
{[%clk 1:16:11]} 12. a3 {[%clk 1:24:11]} Bb7 {[%clk 1:11:53]} 13. b4
{[%clk 1:21:20]} h6 {[%clk 1:10:54]} 14. Bxf6 {[%clk 1:20:53]} Bxf6
{[%clk 1:10:39]} 15. Ng5 {[%clk 1:13:31]} hxg5 {[%clk 1:09:26]} 16. Bxb7
{[%clk 1:13:44]} Ra7 {[%clk 1:09:50]} 17. Bg2 {[%clk 1:11:19]} c5
{[%clk 0:50:03]} 18. dxc5 {[%clk 0:59:21]} Nxc5 {[%clk 0:50:15]} 19. Qxd8
{[%clk 0:57:52]} Rxd8 {[%clk 0:50:41]} 20. Rad1 {[%clk 0:55:57]} Rxd1
{[%clk 0:49:32]} 21. Rxd1 {[%clk 0:56:14]} Nd7 {[%clk 0:49:34]} 22. Ne4
{[%clk 0:52:16]} Be7 {[%clk 0:47:06]} 23. Nd6 {[%clk 0:44:03]} Bxd6
{[%clk 0:45:44]} 24. Rxd6 {[%clk 0:44:19]} Kf8 {[%clk 0:46:12]} 25. Rc6
{[%clk 0:40:48]} Ke7 {[%clk 0:46:18]} 26. f4 {[%clk 0:34:40]} gxf4
{[%clk 0:44:23]} 27. gxf4 {[%clk 0:35:04]} Kd8 {[%clk 0:38:27]} 28. Kf2
{[%clk 0:33:53]} Nb8 {[%clk 0:38:33]} 29. Rd6+ {[%clk 0:33:23]} Rd7
{[%clk 0:37:35]} 30. Rxd7+ {[%clk 0:30:52]} Nxd7 {[%clk 0:37:52]} 31. Ke3
{[%clk 0:26:34]} Kc7 {[%clk 0:36:20]} 32. Kd4 {[%clk 0:26:46]} Nb6
{[%clk 0:35:52]} 33. e4 {[%clk 0:26:23]} Nc4 {[%clk 0:24:57]} 34. a4
{[%clk 0:23:40]} Na3 {[%clk 0:21:39]} 35. a5 {[%clk 0:21:30]} Nc2+
{[%clk 0:22:05]} 36. Kc3 {[%clk 0:21:14]} Ne3 {[%clk 0:22:30]} 37. Bf3
{[%clk 0:20:45]} f6 {[%clk 0:16:47]} 38. e5 {[%clk 0:20:02]} fxe5
{[%clk 0:17:09]} 39. fxe5 {[%clk 0:20:27]} Nf5 {[%clk 0:17:37]} 40. Bg4
{[%clk 0:18:46]} Kc6 {[%clk 0:17:52]} 41. Bf3+ {[%clk 0:19:10]} Kc7
{[%clk 0:18:18]} 42. Kd3 {[%clk 0:18:47]} Kc8 {[%clk 0:13:57]} 43. Be4
{[%clk 0:16:16]} Kc7 {[%clk 0:14:16]} 44. Ke2 {[%clk 0:15:21]} Kc8
{[%clk 0:10:54]} 45. Kf3 {[%clk 0:14:46]} Kc7 {[%clk 0:11:21]} 46. Kf4
{[%clk 0:13:44]} Ne7 {[%clk 0:11:44]} 47. Kg5 {[%clk 0:12:21]} Kc8
{[%clk 0:11:38]} 48. h4 {[%clk 0:11:39]} Kb8 {[%clk 0:10:09]} 49. h5
{[%clk 0:11:13]} Kc8 {[%clk 0:09:35]} 50. Bb1 {[%clk 0:08:48]} Kd7
{[%clk 0:09:21]} 51. Be4 {[%clk 0:07:18]} Kc8 {[%clk 0:09:35]} 52. Bf3
{[%clk 0:06:09]} 1/2-1/2

[Event "1SM"]
[Site "Sharjah Chess Club"]
[Date "2017.03.25"]
[Round "3.28"]
[White "Fier, Alexandr"]
[Black "Mohammad, Nubairshah Shaikh"]
[Result "1-0"]
[BlackElo "2408"]
[WhiteElo "2568"]
[LiveChessVersion "1.4.8"]

1. e4 {[%clk 1:40:57]} c5 {[%clk 1:36:03]} 2. Nf3 {[%clk 1:41:21]} e6
{[%clk 1:36:28]} 3. d4 {[%clk 1:41:48]} cxd4 {[%clk 1:36:37]} 4. Nxd4
{[%clk 1:42:10]} a6 {[%clk 1:37:02]} 5. c4 {[%clk 1:42:36]} Nf6 {[%clk 1:36:38]}
6. Nc3 {[%clk 1:42:57]} Qc7 {[%clk 1:37:01]} 7. Be2 {[%clk 1:43:21]} Bb4
{[%clk 1:32:47]} 8. Nc2 {[%clk 1:43:46]} Be7 {[%clk 1:26:58]} 9. f4
{[%clk 1:44:09]} d6 {[%clk 1:26:50]} 10. O-O {[%clk 1:44:34]} O-O
{[%clk 1:24:30]} 11. Qd3 {[%clk 1:43:08]} Nbd7 {[%clk 1:18:55]} 12. b4
{[%clk 1:40:24]} b6 {[%clk 1:17:28]} 13. Bb2 {[%clk 1:40:44]} Bb7
{[%clk 1:17:40]} 14. a3 {[%clk 1:41:07]} Rac8 {[%clk 1:10:34]} 15. Rac1
{[%clk 1:37:34]} Qb8 {[%clk 0:51:19]} 16. Qg3 {[%clk 1:37:55]} Rfe8
{[%clk 0:43:43]} 17. Bd3 {[%clk 1:38:20]} Bf8 {[%clk 0:41:30]} 18. Qh3
{[%clk 1:22:49]} Red8 {[%clk 0:24:41]} 19. Ne3 {[%clk 1:17:27]} b5
{[%clk 0:19:28]} 20. cxb5 {[%clk 1:16:18]} axb5 {[%clk 0:19:55]} 21. Bb1
{[%clk 1:15:20]} Bc6 {[%clk 0:08:35]} 22. Kh1 {[%clk 1:03:31]} g6
{[%clk 0:05:48]} 23. f5 {[%clk 1:03:21]} exf5 {[%clk 0:05:57]} 24. exf5
{[%clk 1:03:24]} Bg7 {[%clk 0:05:05]} 25. fxg6 {[%clk 1:02:14]} hxg6
{[%clk 0:05:21]} 26. Ba2 {[%clk 1:02:39]} Qb7 {[%clk 0:04:45]} 27. Ng4
{[%clk 1:00:15]} Rf8 {[%clk 0:03:18]} 28. Nh6+ {[%clk 0:57:35]} Bxh6
{[%clk 0:03:46]} 29. Qxh6 {[%clk 0:57:59]} Bxg2+ {[%clk 0:04:14]} 30. Kg1
{[%clk 0:58:24]} Be4 {[%clk 0:02:55]} 31. h3 {[%clk 0:48:12]} Qb6+
{[%clk 0:00:41]} 32. Kh2 {[%clk 0:48:38]} Bf5 {[%clk 0:00:32]} 33. Rxf5
{[%clk 0:48:38]} gxf5 {[%clk 0:00:37]} 34. Rg1+ {[%clk 0:46:35]} Ng4+
{[%clk 0:00:36]} 35. Rxg4+ {[%clk 0:46:52]} fxg4 {[%clk 0:01:03]} 36. Qg6+
{[%clk 0:46:47]} Kh8 {[%clk 0:01:30]} 37. Ne4+ {[%clk 0:46:51]} Ne5
{[%clk 0:01:34]} 38. Qh6+ {[%clk 0:47:18]} 1-0

[Event "1SM"]
[Site "Sharjah Chess Club"]
[Date "2017.03.25"]
[Round "3.29"]
[White "Kulkarni, Rakesh"]
[Black "Karthikeyan, P."]
[Result "0-1"]
[BlackElo "2507"]
[WhiteElo "2325"]
[LiveChessVersion "1.4.8"]

1. e4 {[%clk 1:40:54]} c5 {[%clk 1:40:36]} 2. c3 {[%clk 1:41:07]} d5
{[%clk 1:40:43]} 3. exd5 {[%clk 1:41:22]} Qxd5 {[%clk 1:41:07]} 4. d4
{[%clk 1:41:42]} Nf6 {[%clk 1:40:42]} 5. Nf3 {[%clk 1:41:50]} e6 {[%clk 1:40:02]}
6. Bd3 {[%clk 1:42:00]} Be7 {[%clk 1:39:22]} 7. Be3 {[%clk 1:42:06]} O-O
{[%clk 1:38:48]} 8. O-O {[%clk 1:41:26]} Rd8 {[%clk 1:38:58]} 9. Qe2
{[%clk 1:41:19]} b6 {[%clk 1:36:44]} 10. Rd1 {[%clk 1:37:55]} Nc6
{[%clk 1:32:29]} 11. dxc5 {[%clk 1:15:29]} Ba6 {[%clk 1:32:10]} 12. Ne1
{[%clk 1:15:08]} Ne5 {[%clk 1:17:27]} 13. c4 {[%clk 1:11:59]} Qc6
{[%clk 1:16:21]} 14. cxb6 {[%clk 0:51:33]} Nxd3 {[%clk 1:12:20]} 15. Rxd3
{[%clk 0:51:46]} Bxc4 {[%clk 1:04:17]} 16. Rxd8+ {[%clk 0:46:53]} Bxd8
{[%clk 0:49:41]} 17. Qc2 {[%clk 0:43:13]} axb6 {[%clk 0:47:47]} 18. b3
{[%clk 0:27:43]} Bb5 {[%clk 0:44:33]} 19. Nc3 {[%clk 0:26:10]} Ba6
{[%clk 0:44:00]} 20. Rc1 {[%clk 0:24:26]} Bb7 {[%clk 0:42:07]} 21. Qe2
{[%clk 0:23:42]} Qd6 {[%clk 0:38:26]} 22. Nb5 {[%clk 0:17:41]} Qe5
{[%clk 0:37:35]} 23. a4 {[%clk 0:16:20]} Nd5 {[%clk 0:36:02]} 24. Qf3
{[%clk 0:13:15]} Rc8 {[%clk 0:29:13]} 25. Rxc8 {[%clk 0:10:37]} Bxc8
{[%clk 0:29:40]} 26. h3 {[%clk 0:10:35]} Ba6 {[%clk 0:27:50]} 27. Nc2
{[%clk 0:07:18]} Qb2 {[%clk 0:18:24]} 28. Nbd4 {[%clk 0:00:36]} Qb1+
{[%clk 0:13:18]} 29. Kh2 {[%clk 0:01:03]} Bc7+ {[%clk 0:11:21]} 30. g3
{[%clk 0:01:31]} Bb7 {[%clk 0:09:27]} 31. Qe4 {[%clk 0:01:55]} Qf1
{[%clk 0:07:54]} 32. Nb4 {[%clk 0:00:34]} Nxe3 {[%clk 0:05:16]} 33. Qxb7
{[%clk 0:00:58]} Qxf2+ {[%clk 0:05:33]} 34. Kh1 {[%clk 0:01:23]} Qe1+
{[%clk 0:05:53]} 0-1

[Event "1SM"]
[Site "Sharjah Chess Club"]
[Date "2017.03.25"]
[Round "3.30"]
[White "Xu, Xiangyu"]
[Black "Nihal, Sarin"]
[Result "1-0"]
[BlackElo "2386"]
[WhiteElo "2503"]
[LiveChessVersion "1.4.8"]

1. d4 {[%clk 1:40:54]} Nf6 {[%clk 1:40:52]} 2. Nf3 {[%clk 1:41:16]} e6
{[%clk 1:41:03]} 3. c4 {[%clk 1:41:35]} b6 {[%clk 1:41:13]} 4. a3
{[%clk 1:41:47]} Bb7 {[%clk 1:40:00]} 5. Nc3 {[%clk 1:42:07]} d5 {[%clk 1:37:06]}
6. cxd5 {[%clk 1:42:26]} Nxd5 {[%clk 1:37:23]} 7. e3 {[%clk 1:42:46]} Be7
{[%clk 1:35:22]} 8. Bb5+ {[%clk 1:42:25]} c6 {[%clk 1:35:38]} 9. Bd3
{[%clk 1:42:45]} O-O {[%clk 1:35:46]} 10. O-O {[%clk 1:42:16]} c5
{[%clk 1:26:02]} 11. e4 {[%clk 1:42:35]} Nxc3 {[%clk 1:26:09]} 12. bxc3
{[%clk 1:42:57]} cxd4 {[%clk 1:24:15]} 13. cxd4 {[%clk 1:43:15]} Nc6
{[%clk 1:20:51]} 14. Bb2 {[%clk 1:22:52]} g6 {[%clk 1:06:35]} 15. d5
{[%clk 0:22:34]} exd5 {[%clk 1:05:45]} 16. exd5 {[%clk 0:23:01]} Na5
{[%clk 0:56:03]} 17. Qd2 {[%clk 0:21:53]} Bf6 {[%clk 0:54:08]} 18. Qh6
{[%clk 0:21:02]} Bxb2 {[%clk 0:50:08]} 19. Ng5 {[%clk 0:21:27]} Qxg5
{[%clk 0:50:33]} 20. Qxg5 {[%clk 0:21:53]} Bxa1 {[%clk 0:50:59]} 21. Rxa1
{[%clk 0:22:18]} Rad8 {[%clk 0:44:50]} 22. Be4 {[%clk 0:22:36]} Rfe8
{[%clk 0:36:16]} 23. h4 {[%clk 0:21:09]} h6 {[%clk 0:21:08]} 24. Qf6
{[%clk 0:20:14]} Rd7 {[%clk 0:20:08]} 25. f3 {[%clk 0:12:55]} h5 {[%clk 0:16:59]}
26. Rd1 {[%clk 0:11:54]} Nb3 {[%clk 0:14:54]} 27. g4 {[%clk 0:10:27]} hxg4
{[%clk 0:10:27]} 28. h5 {[%clk 0:10:45]} gxh5 {[%clk 0:10:53]} 29. Qg5+
{[%clk 0:10:26]} Kf8 {[%clk 0:11:15]} 30. Qh6+ {[%clk 0:10:47]} Ke7
{[%clk 0:11:37]} 31. Bf5 {[%clk 0:10:31]} 1-0

[Event "1SM"]
[Site "Sharjah Chess Club"]
[Date "2017.03.25"]
[Round "3.31"]
[White "Kulkarni, Bhakti"]
[Black "Deepan, Chakkravarthy J."]
[Result "0-1"]
[BlackElo "2483"]
[WhiteElo "2286"]
[LiveChessVersion "1.4.8"]

1. d4 {[%clk 1:40:47]} Nf6 {[%clk 1:40:53]} 2. c4 {[%clk 1:40:48]} e6
{[%clk 1:41:17]} 3. Nc3 {[%clk 1:41:04]} Bb4 {[%clk 1:41:40]} 4. e3
{[%clk 1:41:19]} O-O {[%clk 1:41:54]} 5. Nge2 {[%clk 1:41:23]} Re8
{[%clk 1:36:35]} 6. a3 {[%clk 1:41:05]} Bf8 {[%clk 1:37:02]} 7. g3
{[%clk 1:40:10]} d5 {[%clk 1:37:15]} 8. cxd5 {[%clk 1:38:16]} exd5
{[%clk 1:37:30]} 9. Bg2 {[%clk 1:38:31]} c6 {[%clk 1:35:02]} 10. O-O
{[%clk 1:36:12]} Bf5 {[%clk 1:35:20]} 11. f3 {[%clk 1:34:32]} c5 {[%clk 1:26:04]}
12. g4 {[%clk 1:29:56]} Be6 {[%clk 1:14:18]} 13. g5 {[%clk 1:20:12]} Nfd7
{[%clk 0:46:30]} 14. f4 {[%clk 1:19:37]} Nb6 {[%clk 0:46:59]} 15. dxc5
{[%clk 1:08:33]} Bxc5 {[%clk 0:47:16]} 16. b4 {[%clk 1:08:48]} Bf8
{[%clk 0:43:37]} 17. f5 {[%clk 1:01:32]} Bd7 {[%clk 0:41:38]} 18. g6
{[%clk 0:46:44]} hxg6 {[%clk 0:39:10]} 19. fxg6 {[%clk 0:46:59]} fxg6
{[%clk 0:39:37]} 20. Nxd5 {[%clk 0:46:17]} Nc6 {[%clk 0:39:54]} 21. Nxb6
{[%clk 0:37:26]} axb6 {[%clk 0:40:17]} 22. Bd5+ {[%clk 0:36:04]} Kh7
{[%clk 0:32:32]} 23. Bf7 {[%clk 0:31:54]} Re5 {[%clk 0:21:52]} 24. Bb2
{[%clk 0:28:44]} Qg5+ {[%clk 0:19:30]} 25. Kh1 {[%clk 0:23:46]} Bg4
{[%clk 0:19:45]} 26. Bxe5 {[%clk 0:16:05]} Nxe5 {[%clk 0:20:04]} 27. Bd5
{[%clk 0:15:27]} Rd8 {[%clk 0:13:48]} 28. e4 {[%clk 0:14:10]} Qe3
{[%clk 0:03:06]} 29. Bg8+ {[%clk 0:08:40]} Kxg8 {[%clk 0:02:51]} 30. Qxd8
{[%clk 0:09:06]} Bf3+ {[%clk 0:02:20]} 31. Rxf3 {[%clk 0:09:34]} Qxf3+
{[%clk 0:02:44]} 32. Kg1 {[%clk 0:10:00]} Qe3+ {[%clk 0:03:01]} 33. Kf1
{[%clk 0:09:01]} Qf3+ {[%clk 0:03:24]} 34. Kg1 {[%clk 0:09:16]} Qe3+
{[%clk 0:03:48]} 35. Kf1 {[%clk 0:09:38]} Nd3 {[%clk 0:03:35]} 36. Qd5+
{[%clk 0:09:11]} Kh7 {[%clk 0:04:00]} 37. Qf7 {[%clk 0:09:28]} Bd6
{[%clk 0:02:24]} 38. Rd1 {[%clk 0:09:23]} Qh3+ {[%clk 0:02:39]} 0-1

[Event "1SM"]
[Site "Sharjah Chess Club"]
[Date "2017.03.25"]
[Round "3.32"]
[White "Neverov, Valeriy"]
[Black "Yashas, D."]
[Result "1-0"]
[BlackElo "2284"]
[WhiteElo "2477"]
[LiveChessVersion "1.4.8"]

1. d4 {[%clk 1:40:57]} Nf6 {[%clk 1:40:38]} 2. c4 {[%clk 1:41:20]} e6
{[%clk 1:40:49]} 3. Nf3 {[%clk 1:39:43]} b6 {[%clk 1:40:40]} 4. a3
{[%clk 1:39:57]} Bb7 {[%clk 1:38:29]} 5. Nc3 {[%clk 1:40:07]} d5 {[%clk 1:36:56]}
6. Bg5 {[%clk 1:32:50]} Be7 {[%clk 1:31:46]} 7. Qa4+ {[%clk 1:33:13]} c6
{[%clk 1:25:07]} 8. Bxf6 {[%clk 1:32:22]} Bxf6 {[%clk 1:24:59]} 9. cxd5
{[%clk 1:32:49]} exd5 {[%clk 1:24:04]} 10. g3 {[%clk 1:33:17]} O-O
{[%clk 1:21:57]} 11. Bg2 {[%clk 1:32:37]} Re8 {[%clk 0:59:30]} 12. O-O
{[%clk 1:32:51]} Na6 {[%clk 0:58:19]} 13. Rfd1 {[%clk 1:24:11]} Nc7
{[%clk 0:53:51]} 14. Rac1 {[%clk 1:20:43]} g6 {[%clk 0:45:57]} 15. e3
{[%clk 1:20:35]} Bg7 {[%clk 0:44:01]} 16. Ne2 {[%clk 1:18:45]} Nb5
{[%clk 0:38:59]} 17. Nf4 {[%clk 1:17:33]} Nd6 {[%clk 0:36:22]} 18. Nd3
{[%clk 1:16:20]} Nc4 {[%clk 0:25:07]} 19. Nd2 {[%clk 1:09:43]} b5
{[%clk 0:20:38]} 20. Qc2 {[%clk 1:09:34]} Bf8 {[%clk 0:18:58]} 21. a4
{[%clk 1:08:40]} a5 {[%clk 0:04:15]} 22. b3 {[%clk 1:05:08]} Nd6 {[%clk 0:02:44]}
23. Nf3 {[%clk 0:58:52]} f6 {[%clk 0:01:56]} 24. Nc5 {[%clk 0:45:11]} Bc8
{[%clk 0:01:37]} 25. Ne1 {[%clk 0:45:26]} Rb8 {[%clk 0:01:05]} 26. Ned3
{[%clk 0:45:18]} Bf5 {[%clk 0:00:58]} 27. axb5 {[%clk 0:41:31]} Rxb5
{[%clk 0:01:04]} 28. Na4 {[%clk 0:39:29]} Bd7 {[%clk 0:01:08]} 29. Nc3
{[%clk 0:35:14]} Rb8 {[%clk 0:01:07]} 30. Ra1 {[%clk 0:35:31]} Nb5
{[%clk 0:00:48]} 31. Na4 {[%clk 0:33:37]} Kh8 {[%clk 0:01:03]} 32. Rdc1
{[%clk 0:32:30]} Bd6 {[%clk 0:00:40]} 33. Qd2 {[%clk 0:30:52]} Ra8
{[%clk 0:00:41]} 34. Nac5 {[%clk 0:29:28]} Bc8 {[%clk 0:01:09]} 35. b4
{[%clk 0:29:28]} Bc7 {[%clk 0:01:37]} 36. Nb3 {[%clk 0:27:56]} a4
{[%clk 0:00:53]} 37. Na5 {[%clk 0:20:39]} Bxa5 {[%clk 0:01:15]} 38. bxa5
{[%clk 0:21:07]} Qxa5 {[%clk 0:00:53]} 39. Qxa5 {[%clk 0:21:33]} Rxa5
{[%clk 0:01:20]} 40. Rxc6 {[%clk 0:21:57]} Bf5 {[%clk 0:01:07]} 41. Nb4
{[%clk 0:19:05]} Be4 {[%clk 0:01:06]} 42. Rc5 {[%clk 0:16:12]} Bxg2
{[%clk 0:01:16]} 43. Kxg2 {[%clk 0:16:38]} Rea8 {[%clk 0:01:33]} 44. Nxd5
{[%clk 0:16:02]} Kg7 {[%clk 0:01:20]} 45. Nb6 {[%clk 0:14:14]} Rb8
{[%clk 0:01:49]} 46. Rxa4 {[%clk 0:12:48]} 1-0